<?xml version="1.0" encoding="UTF-8"?>
<record
    xmlns:xsi="http://www.w3.org/2001/XMLSchema-instance"
    xsi:schemaLocation="http://www.loc.gov/MARC21/slim http://www.loc.gov/standards/marcxml/schema/MARC21slim.xsd"
    xmlns="http://www.loc.gov/MARC21/slim">

  <leader>04402namaa22004211i 4500</leader>
  <controlfield tag="003">OSt</controlfield>
  <controlfield tag="005">20260622132333.0</controlfield>
  <controlfield tag="008">250827s2024    ua a|||frm||| 000 0 eng d</controlfield>
  <datafield tag="040" ind1=" " ind2=" ">
    <subfield code="a">EG-GICUC</subfield>
    <subfield code="b">ara</subfield>
    <subfield code="c">EG-GICUC</subfield>
    <subfield code="d">EG-GICUC</subfield>
    <subfield code="e">rda</subfield>
  </datafield>
  <datafield tag="041" ind1="0" ind2=" ">
    <subfield code="a">ara</subfield>
    <subfield code="b">ara</subfield>
    <subfield code="b">eng</subfield>
  </datafield>
  <datafield tag="049" ind1=" " ind2=" ">
    <subfield code="a">&#x625;&#x64A;&#x62F;&#x627;&#x639;</subfield>
  </datafield>
  <datafield tag="082" ind1="0" ind2="4">
    <subfield code="a">371.46</subfield>
  </datafield>
  <datafield tag="092" ind1=" " ind2=" ">
    <subfield code="a"> 371.46</subfield>
    <subfield code="2">21</subfield>
  </datafield>
  <datafield tag="097" ind1=" " ind2=" ">
    <subfield code="a">&#x645;&#x640;&#x640;&#x640;&#x640;&#x627;&#x62C;&#x633;&#x62A;&#x64A;&#x631;</subfield>
  </datafield>
  <datafield tag="099" ind1=" " ind2=" ">
    <subfield code="a">Cai01.23.04.M.Sc.2024.&#x643;&#x631;.&#x631;</subfield>
  </datafield>
  <datafield tag="100" ind1="0" ind2=" ">
    <subfield code="a">&#x60C;&#x643;&#x631;&#x633;&#x62A;&#x64A;&#x646;&#x627; &#x631;&#x633;&#x644; &#x639;&#x628;&#x62F; &#x627;&#x644;&#x645;&#x644;&#x627;&#x643; &#x633;&#x644;&#x64A;&#x645;&#x627;&#x646;</subfield>
    <subfield code="e">&#x625;&#x639;&#x62F;&#x627;&#x62F;.</subfield>
  </datafield>
  <datafield tag="245" ind1="1" ind2="0">
    <subfield code="a">&#x627;&#x644;&#x631;&#x62D;&#x645;&#x629; &#x628;&#x627;&#x644;&#x630;&#x627;&#x62A; &#x643;&#x645;&#x62A;&#x63A;&#x64A;&#x631; &#x645;&#x639;&#x62F;&#x644; &#x628;&#x64A;&#x646; &#x635;&#x639;&#x648;&#x628;&#x627;&#x62A; &#x62A;&#x646;&#x638;&#x64A;&#x645; &#x627;&#x644;&#x627;&#x646;&#x641;&#x639;&#x627;&#x644; &#x648;&#x627;&#x644;&#x627;&#x62D;&#x62A;&#x631;&#x627;&#x642; &#x627;&#x644;&#x646;&#x641;&#x633;&#x64A; &#x644;&#x62F;&#x649; &#x627;&#x644;&#x639;&#x627;&#x645;&#x644;&#x64A;&#x646; &#x641;&#x64A; &#x645;&#x62C;&#x627;&#x644; &#x627;&#x644;&#x635;&#x62D;&#x629; &#x627;&#x644;&#x646;&#x641;&#x633;&#x64A;&#x629; /</subfield>
    <subfield code="c">&#x625;&#x639;&#x62F;&#x627;&#x62F; &#x643;&#x631;&#x633;&#x62A;&#x64A;&#x646;&#x627; &#x631;&#x633;&#x644; &#x639;&#x628;&#x62F; &#x627;&#x644;&#x645;&#x644;&#x627;&#x643; &#x633;&#x644;&#x64A;&#x645;&#x627;&#x646;&#x61B; &#x625;&#x634;&#x631;&#x627;&#x641; &#x623;. &#x62F;/ &#x645;&#x646;&#x627;&#x644; &#x639;&#x628;&#x62F; &#x627;&#x644;&#x646;&#x639;&#x64A;&#x645; &#x645;&#x62D;&#x645;&#x62F; &#x637;&#x647;&#x60C; &#x62F;/ &#x646;&#x641;&#x64A;&#x633;&#x629; &#x641;&#x648;&#x632;&#x64A; &#x639;&#x645;&#x631;.    </subfield>
  </datafield>
  <datafield tag="246" ind1="1" ind2="5">
    <subfield code="a">Self-compassion as a moderator between emotion regulation difficulties and burnout among mental health professionals /</subfield>
  </datafield>
  <datafield tag="264" ind1=" " ind2="0">
    <subfield code="c">2024.</subfield>
  </datafield>
  <datafield tag="300" ind1=" " ind2=" ">
    <subfield code="a">132 &#x635;&#x641;&#x62D;&#x629; :</subfield>
    <subfield code="b">&#x625;&#x64A;&#x636;&#x627;&#x62D;&#x64A;&#x627;&#x62A; &#x61B; </subfield>
    <subfield code="c">25 &#x633;&#x645;. + </subfield>
    <subfield code="e">CD.</subfield>
  </datafield>
  <datafield tag="336" ind1=" " ind2=" ">
    <subfield code="a">text</subfield>
    <subfield code="2">rda content</subfield>
  </datafield>
  <datafield tag="337" ind1=" " ind2=" ">
    <subfield code="a">Unmediated</subfield>
    <subfield code="2">rdamedia</subfield>
  </datafield>
  <datafield tag="338" ind1=" " ind2=" ">
    <subfield code="a">volume</subfield>
    <subfield code="2">rdacarrier</subfield>
  </datafield>
  <datafield tag="502" ind1=" " ind2=" ">
    <subfield code="a">&#x623;&#x637;&#x631;&#x648;&#x62D;&#x629; (&#x645;&#x627;&#x62C;&#x633;&#x62A;&#x64A;&#x631;)-&#x62C;&#x627;&#x645;&#x639;&#x629; &#x627;&#x644;&#x642;&#x627;&#x647;&#x631;&#x629;&#x60C; 2024. </subfield>
  </datafield>
  <datafield tag="504" ind1=" " ind2=" ">
    <subfield code="a">&#x628;&#x628;&#x644;&#x64A;&#x648;&#x62C;&#x631;&#x627;&#x641;&#x64A;&#x627;: &#x635;&#x641;&#x62D;&#x627;&#x62A; 113-125.</subfield>
  </datafield>
  <datafield tag="520" ind1=" " ind2=" ">
    <subfield code="a">&#x647;&#x62F;&#x641;&#x62A; &#x627;&#x644;&#x62F;&#x631;&#x627;&#x633;&#x629; &#x625;&#x644;&#x649; &#x627;&#x644;&#x643;&#x634;&#x641; &#x639;&#x646; &#x62F;&#x648;&#x631; &#x627;&#x644;&#x631;&#x62D;&#x645;&#x629; &#x628;&#x627;&#x644;&#x630;&#x627;&#x62A; &#x643;&#x645;&#x62A;&#x63A;&#x64A;&#x631; &#x645;&#x64F;&#x639;&#x62F;&#x644; &#x641;&#x64A; &#x627;&#x644;&#x639;&#x644;&#x627;&#x642;&#x629; &#x628;&#x64A;&#x646; &#x635;&#x639;&#x648;&#x628;&#x627;&#x62A; &#x62A;&#x646;&#x638;&#x64A;&#x645; &#x627;&#x644;&#x627;&#x646;&#x641;&#x639;&#x627;&#x644; &#x648;&#x627;&#x644;&#x627;&#x62D;&#x62A;&#x631;&#x627;&#x642; &#x627;&#x644;&#x646;&#x641;&#x633;&#x64A; &#x644;&#x62F;&#x649; &#x627;&#x644;&#x639;&#x627;&#x645;&#x644;&#x64A;&#x646; &#x641;&#x64A; &#x645;&#x62C;&#x627;&#x644; &#x627;&#x644;&#x635;&#x62D;&#x629; &#x627;&#x644;&#x646;&#x641;&#x633;&#x64A;&#x629;. &#x648;&#x62A;&#x643;&#x648;&#x646;&#x62A; &#x639;&#x64A;&#x646;&#x629; &#x627;&#x644;&#x62F;&#x631;&#x627;&#x633;&#x629; &#x645;&#x646; (&#x662;&#x668;&#x661;) &#x641;&#x631;&#x62F;&#x64B;&#x627; &#x645;&#x646; &#x627;&#x644;&#x639;&#x627;&#x645;&#x644;&#x64A;&#x646; &#x641;&#x64A; &#x645;&#x62C;&#x627;&#x644; &#x627;&#x644;&#x635;&#x62D;&#x629; &#x627;&#x644;&#x646;&#x641;&#x633;&#x64A;&#x629;&#x60C; &#x645;&#x646;&#x647;&#x645; (59) &#x637;&#x628;&#x64A;&#x628;&#x64B;&#x627; &#x646;&#x641;&#x633;&#x64A;&#x64B;&#x627; &#x648;(222) &#x623;&#x62E;&#x635;&#x627;&#x626;&#x64A;&#x64B;&#x627; &#x646;&#x641;&#x633;&#x64A;&#x64B;&#x627; &#x625;&#x643;&#x644;&#x64A;&#x646;&#x64A;&#x643;&#x64A;&#x64B;&#x627; &#x64A;&#x639;&#x645;&#x644;&#x648;&#x646; &#x641;&#x64A; &#x627;&#x644;&#x645;&#x633;&#x62A;&#x634;&#x641;&#x64A;&#x627;&#x62A; &#x627;&#x644;&#x646;&#x641;&#x633;&#x64A;&#x629; &#x627;&#x644;&#x639;&#x627;&#x645;&#x629; &#x648;&#x627;&#x644;&#x62E;&#x627;&#x635;&#x629; &#x648;&#x627;&#x644;&#x639;&#x64A;&#x627;&#x62F;&#x627;&#x62A; &#x627;&#x644;&#x646;&#x641;&#x633;&#x64A;&#x629; &#x627;&#x644;&#x62E;&#x627;&#x635;&#x629;. &#x627;&#x633;&#x62A;&#x62E;&#x62F;&#x645;&#x62A; &#x627;&#x644;&#x628;&#x627;&#x62D;&#x62B;&#x629; &#x645;&#x642;&#x64A;&#x627;&#x633; &#x627;&#x644;&#x631;&#x62D;&#x645;&#x629; &#x628;&#x627;&#x644;&#x630;&#x627;&#x62A; &#x644;&#x646;&#x64A;&#x641; (Neff, 2003) &#x62A;&#x639;&#x631;&#x64A;&#x628; &#x627;&#x644;&#x628;&#x627;&#x62D;&#x62B;&#x629;&#x60C; &#x648;&#x645;&#x642;&#x64A;&#x627;&#x633; &#x635;&#x639;&#x648;&#x628;&#x627;&#x62A; &#x62A;&#x646;&#x638;&#x64A;&#x645; &#x627;&#x644;&#x627;&#x646;&#x641;&#x639;&#x627;&#x644; &#x627;&#x644;&#x630;&#x64A; &#x623;&#x639;&#x62F;&#x62A;&#x647; &#x627;&#x644;&#x628;&#x627;&#x62D;&#x62B;&#x629; &#x627;&#x633;&#x62A;&#x646;&#x627;&#x62F;&#x64B;&#x627; &#x625;&#x644;&#x649; &#x646;&#x645;&#x648;&#x630;&#x62C; (Gratz &amp; Roemer, 2004)&#x60C; &#x648;&#x623;&#x64A;&#x636;&#x64B;&#x627; &#x645;&#x642;&#x64A;&#x627;&#x633; &#x645;&#x627;&#x633;&#x644;&#x627;&#x634; &#x644;&#x644;&#x627;&#x62D;&#x62A;&#x631;&#x627;&#x642; &#x627;&#x644;&#x646;&#x641;&#x633;&#x64A; (Maslach, et al., 1981) &#x62A;&#x639;&#x631;&#x64A;&#x628; &#x627;&#x644;&#x628;&#x627;&#x62D;&#x62B;&#x629;. &#x648;&#x623;&#x638;&#x647;&#x631;&#x62A; &#x627;&#x644;&#x646;&#x62A;&#x627;&#x626;&#x62C; &#x623;&#x646; &#x627;&#x644;&#x631;&#x62D;&#x645;&#x629; &#x628;&#x627;&#x644;&#x630;&#x627;&#x62A; &#x62A;&#x644;&#x639;&#x628; &#x62F;&#x648;&#x631;&#x64B;&#x627; &#x645;&#x639;&#x62F;&#x644;&#x64B;&#x627; &#x641;&#x64A; &#x627;&#x644;&#x639;&#x644;&#x627;&#x642;&#x629; &#x628;&#x64A;&#x646; &#x635;&#x639;&#x648;&#x628;&#x627;&#x62A; &#x62A;&#x646;&#x638;&#x64A;&#x645; &#x627;&#x644;&#x627;&#x646;&#x641;&#x639;&#x627;&#x644; &#x648;&#x627;&#x644;&#x627;&#x62D;&#x62A;&#x631;&#x627;&#x642; &#x627;&#x644;&#x646;&#x641;&#x633;&#x64A;.</subfield>
  </datafield>
  <datafield tag="520" ind1=" " ind2=" ">
    <subfield code="a">The study aims to reveal the role of self-compassion as a moderator in the relationship between difficulties in emotion regulation and burnout among mental health professionals. The study sample consisted of 281 individuals working in the field of mental health, including 59 psychiatrists and 222 clinical psychologists working in public and private psychiatric hospitals and private psychiatric clinics. The researcher used the Self-Compassion Scale (Neff, 2003) translated by the researcher, and the Emotion Regulation Difficulties Scale prepared by the researcher based on the model (Gratz &amp; Roemer, 2004), in addition to the Maslach Burnout Scale (Maslach, et al., 1981) translated by the researcher. The results indicate a positive correlation between emotion regulation difficulties and burnout. Finally, the results show that self-compassion plays a moderating role in the relationship between emotion regulation difficulties and burnout.</subfield>
  </datafield>
  <datafield tag="530" ind1=" " ind2=" ">
    <subfield code="a">&#x635;&#x62F;&#x631; &#x623;&#x64A;&#x636;&#x64B;&#x627; &#x643;&#x642;&#x631;&#x635; &#x645;&#x62F;&#x645;&#x62C;.</subfield>
  </datafield>
  <datafield tag="546" ind1=" " ind2=" ">
    <subfield code="a">&#x627;&#x644;&#x646;&#x635; &#x628;&#x627;&#x644;&#x639;&#x631;&#x628;&#x64A;&#x629; &#x648;&#x627;&#x644;&#x645;&#x644;&#x62E;&#x635; &#x628;&#x627;&#x644;&#x644;&#x63A;&#x629; &#x627;&#x644;&#x625;&#x646;&#x62C;&#x644;&#x64A;&#x632;&#x64A;&#x629; &#x648;&#x627;&#x644;&#x639;&#x631;&#x628;&#x64A;&#x629;.</subfield>
  </datafield>
  <datafield tag="650" ind1=" " ind2="7">
    <subfield code="a">&#x627;&#x644;&#x627;&#x631;&#x634;&#x627;&#x62F; &#x627;&#x644;&#x634;&#x62E;&#x635;&#x64A;</subfield>
    <subfield code="2">qrmak</subfield>
  </datafield>
  <datafield tag="653" ind1=" " ind2="0">
    <subfield code="a">&#x627;&#x644;&#x631;&#x62D;&#x645;&#x629; &#x628;&#x627;&#x644;&#x630;&#x627;&#x62A;</subfield>
    <subfield code="a">&#x635;&#x639;&#x648;&#x628;&#x627;&#x62A; &#x62A;&#x646;&#x638;&#x64A;&#x645; &#x627;&#x644;&#x627;&#x646;&#x641;&#x639;&#x627;&#x644;</subfield>
    <subfield code="a">&#x627;&#x644;&#x627;&#x62D;&#x62A;&#x631;&#x627;&#x642; &#x627;&#x644;&#x646;&#x641;&#x633;&#x64A;</subfield>
  </datafield>
  <datafield tag="700" ind1="0" ind2=" ">
    <subfield code="a">&#x645;&#x646;&#x627;&#x644; &#x639;&#x628;&#x62F; &#x627;&#x644;&#x646;&#x639;&#x64A;&#x645; &#x645;&#x62D;&#x645;&#x62F; &#x637;&#x647;</subfield>
    <subfield code="e">&#x645;&#x634;&#x631;&#x641; &#x623;&#x637;&#x631;&#x648;&#x62D;&#x629;.</subfield>
  </datafield>
  <datafield tag="700" ind1="0" ind2=" ">
    <subfield code="a">&#x646;&#x641;&#x64A;&#x633;&#x629; &#x641;&#x648;&#x632;&#x64A; &#x639;&#x645;&#x631;</subfield>
    <subfield code="e">&#x645;&#x634;&#x631;&#x641; &#x623;&#x637;&#x631;&#x648;&#x62D;&#x629;.</subfield>
  </datafield>
  <datafield tag="900" ind1=" " ind2=" ">
    <subfield code="b">12-10-2024</subfield>
    <subfield code="c">&#x645;&#x646;&#x627;&#x644; &#x639;&#x628;&#x62F; &#x627;&#x644;&#x646;&#x639;&#x64A;&#x645; &#x645;&#x62D;&#x645;&#x62F; &#x637;&#x647;</subfield>
    <subfield code="c">&#x646;&#x641;&#x64A;&#x633;&#x629; &#x641;&#x648;&#x632;&#x64A; &#x639;&#x645;&#x631;</subfield>
    <subfield code="d">&#x648;&#x641;&#x627;&#x621; &#x645;&#x62D;&#x645;&#x62F; &#x639;&#x628;&#x62F; &#x627;&#x644;&#x62C;&#x648;&#x627;&#x62F;</subfield>
    <subfield code="d">&#x625;&#x628;&#x631;&#x627;&#x647;&#x64A;&#x645; &#x645;&#x62D;&#x645;&#x62F; &#x633;&#x639;&#x62F;</subfield>
    <subfield code="U">&#x62C;&#x627;&#x645;&#x639;&#x629; &#x627;&#x644;&#x642;&#x627;&#x647;&#x631;&#x629; </subfield>
    <subfield code="F">&#x643;&#x644;&#x64A;&#x629; &#x627;&#x644;&#x62F;&#x631;&#x627;&#x633;&#x627;&#x62A; &#x627;&#x644;&#x639;&#x644;&#x64A;&#x627; &#x644;&#x644;&#x62A;&#x631;&#x628;&#x64A;&#x629;</subfield>
    <subfield code="D">&#x642;&#x633;&#x645; &#x639;&#x644;&#x645; &#x627;&#x644;&#x646;&#x641;&#x633; &#x627;&#x644;&#x625;&#x631;&#x634;&#x627;&#x62F;&#x64A; </subfield>
  </datafield>
  <datafield tag="905" ind1=" " ind2=" ">
    <subfield code="a">Sara</subfield>
  </datafield>
  <datafield tag="942" ind1=" " ind2=" ">
    <subfield code="2">ddc</subfield>
    <subfield code="c">TH</subfield>
    <subfield code="e">21</subfield>
    <subfield code="n">0</subfield>
  </datafield>
  <datafield tag="999" ind1=" " ind2=" ">
    <subfield code="c">180594</subfield>
  </datafield>
  <datafield tag="952" ind1=" " ind2=" ">
    <subfield code="2">ddc</subfield>
    <subfield code="9">319323</subfield>
    <subfield code="a">CUCL</subfield>
    <subfield code="b">cl210</subfield>
    <subfield code="d">2026-06-22</subfield>
    <subfield code="i">33267</subfield>
    <subfield code="o">Cai01.23.04.M.Sc.2024.&#x643;&#x631;.&#x631;</subfield>
    <subfield code="p">01010100033267000</subfield>
    <subfield code="r">2026-06-22 12:24:54</subfield>
    <subfield code="w">2026-06-22</subfield>
    <subfield code="y">TH</subfield>
  </datafield>
</record>
